|
|
|
|
| LEADER |
00000nas a2200000 a 4500 |
| 001 |
ssj0000603438 |
| 003 |
WaSeSS |
| 005 |
20200512172242.0 |
| 006 |
m d |
| 007 |
cr n |
| 008 |
110601c20109999ua uu p s u0 0eng |
| 010 |
|
|
|a 2012243192
|
| 016 |
7 |
|
|a 101576459
|2 DNLM
|
| 016 |
7 |
|
|a 018924701
|2 Uk
|
| 022 |
|
|
|a 2090-1933
|y 2090-1925
|
| 035 |
|
|
|a (WaSeSS)ssj0000603438
|
| 040 |
|
|
|a AU@
|b eng
|e pn
|c AU@
|d UV0
|d CUS
|d OCLCQ
|d NLM
|d GUA
|d OCLCQ
|d CUS
|d OCLCQ
|d OCLCF
|d OCLCQ
|d DLC
|d UKMGB
|d WaSeSS
|
| 042 |
|
|
|a pcc
|
| 050 |
0 |
0 |
|a RC553.A88
|
| 050 |
|
4 |
|a RC553.A88
|
| 060 |
1 |
0 |
|a W1
|
| 130 |
0 |
|
|a Autism Research and Treatment (Online)
|
| 210 |
0 |
|
|a Autism res. treat.
|
| 222 |
|
0 |
|a Autism Research and Treatment
|b (Online)
|
| 245 |
1 |
0 |
|a Autism research and treatment
|h [electronic resource].
|
| 260 |
|
|
|a Cairo :
|b Hindawi Pub. Corp.
|
| 362 |
1 |
|
|a Began with vol. 2010 (2010).
|
| 506 |
|
|
|a License restrictions may limit access.
|
| 515 |
|
|
|a Articles added as received to annual volume in progress.
|
| 588 |
|
|
|a Description based on: Vol. 2010 (2010); title from journal home (Hindawi Web site, viewed Dec 22, 2010).
|
| 588 |
|
|
|a Latest issue consulted: Vol. 2016 (2016), Article ID 8243079 (publisher's Web site, viewed December 12, 2016).
|
| 650 |
|
0 |
|a Autism
|x Treatment
|v Periodicals.
|
| 650 |
|
0 |
|a Autism
|x Research
|v Periodicals.
|
| 650 |
|
0 |
|a Autism spectrum disorders
|v Periodicals.
|
| 650 |
1 |
2 |
|a Autistic Disorder.
|
| 650 |
2 |
2 |
|a Autistic Disorder
|x therapy.
|
| 650 |
2 |
2 |
|a Child Development Disorders, Pervasive.
|
| 650 |
|
7 |
|a Autism
|x Research.
|2 fast
|0 (OCoLC)fst00822494
|
| 650 |
|
7 |
|a Autism spectrum disorders.
|2 fast
|0 (OCoLC)fst01747518
|
| 650 |
|
7 |
|a Autism
|x Treatment.
|2 fast
|0 (OCoLC)fst00822497
|
| 655 |
|
0 |
|a Electronic journals.
|
| 776 |
0 |
8 |
|i Print version:
|t Autism Research and Treatment
|x 2090-1925
|
| 850 |
|
|
|a DLC
|
| 856 |
4 |
0 |
|z Full text available from Research Library: 01/01/2010 to 12/31/2010
|u https://search.proquest.com/publication/2037470
|
| 856 |
4 |
0 |
|z Full text available from Research Library: 01/01/2012 to present
|u https://search.proquest.com/publication/2037470
|